Statistics for Arctic Monkeys Lyrics - Dangerous Animals

Click here to take the quiz!

General Stats

  • This quiz has been taken 28 times
  • The average score is 193 of 248

Answer Stats

Lyrics% Correct
A-
100%
a
100%
D-
100%
E-
100%
G-
100%
I
100%
I-
100%
L
100%
M-
100%
N-
100%
O-
100%
R-
100%
S
100%
The
100%
the
100%
U-
95%
you
90%
You
90%
And
86%
and
86%
be
86%
by
86%
in
86%
me
86%
my
86%
dark,
81%
dark
81%
do
81%
down
81%
I'm
81%
of
81%
to
81%
most
76%
pinned
76%
she
76%
Been
71%
been
71%
boot
71%
confess
71%
it
71%
Make
71%
make
71%
More
71%
sleep
71%
than
71%
then
71%
chest
67%
fighting
67%
head
67%
heel
67%
Makes
67%
nearly
67%
press
67%
so
67%
willing
67%
would
67%
your
67%
crying
62%
keep
62%
lioness
62%
mess,
62%
pirouette
62%
promote
62%
Sharpen
62%
sheets
62%
wheeze,
62%
When
62%
with
62%
acrobat
57%
beam,
57%
broke
57%
everyone's
57%
fell
57%
have
57%
heart
57%
knees
57%
off
57%
pursuit
57%
should
57%
through,
57%
up
57%
dance,
52%
Divided
52%
into
52%
racing
52%
soon
52%
stripes
52%
teams
52%
two
52%
way
52%
About
48%
as
48%
enough
48%
It's
48%
let's
48%
long
48%
now
48%
revert
48%
type
48%
unsuitable
48%
well-
48%
battling
43%
fidgets
43%
light
43%
oh-
43%
oh
43%
that
43%
tribal
43%
Yes,
43%
bashful
38%
chance
38%
final
38%
first
38%
fiends
33%
frighteners
33%
frustrating
33%
gripe,
33%
pet
33%
audience
29%
course
29%
thoughts'll
29%
told
19%

Score Distribution

Percentile by Number Answered

Percent of People with Each Score

Your Score History

You have not taken this quiz